LIBRARY & INFORMATION CENTRE, KCAET, TAVANUR

ONLINE PUBLIC ACCESS CATALOGUE (OPAC)

Engineering drawing and graphics / (Record no. 7443)

MARC details
000 -LEADER
fixed length control field 00487cam a2200193ua 4500
020 ## - INTERNATIONAL STANDARD BOOK NUMBER
ISBN 81-86321-16-0
041 ## - LANGUAGE CODE
Language code of text/sound track or separate title eng
082 ## - DEWEY DECIMAL CLASSIFICATION NUMBER
Classification number 604.2
Item number MUT/EN
100 ## - MAIN ENTRY--AUTHOR NAME
Personal name Mathur, M L.
245 ## - TITLE STATEMENT
Title Engineering drawing and graphics /
250 ## - EDITION STATEMENT
Edition statement 2 /
260 ## - PUBLICATION, DISTRIBUTION, ETC. (IMPRINT)
Place of publication New Delhi :
Name of publisher Jain Brothers ,
Year of publication 1999.
300 ## - PHYSICAL DESCRIPTION
Number of Pages 950 ; .
700 1# - ADDED ENTRY--PERSONAL NAME
Personal name Vaishwanar, R S .
942 ## - ADDED ENTRY ELEMENTS (KOHA)
Koha item type Books
Holdings
Withdrawn status Lost status Damaged status Home library Current library Date acquired Full call number Accession Number Koha item type
      KAUAET KAUAET 07/04/2012 604.2 MAT/EN 20678 Books
free website counter